[Event "Chambly op"]
[Site "Chambly CAN"]
[Date "2022.04.02"]
[Round "3.4"]
[White "Zhang, Chu Hang"]
[Black "Mercure, Gilbert"]
[Result "1-0"]
[WhiteElo "2100"]
[BlackElo "1879"]
[PlyCount "127"]
[EventDate "2022.04.01"]
[EventType "swiss"]
[EventRounds "5"]
[EventCountry "CAN"]

1. d4 d5 2. Nf3 Nc6 3. Bf4 Bf5 4. c3 e6 5. e3 Bd6 6. h3 h6 7. Nbd2 Nge7 8. g4
Bh7 9. Ne5 g5 10. Bh2 f6 11. Nxc6 bxc6 12. f4 gxf4 13. exf4 f5 14. Bg2 Ng6 15.
O-O Nh4 16. Qe2 Kd7 17. Rae1 Qf6 18. g5 hxg5 19. fxg5 Bxh2+ 20. Kxh2 Qf7 21.
Nf3 Nxf3+ 22. Rxf3 Bg6 23. Rf4 Qe7 24. Kg1 Rae8 25. h4 Qd6 26. Qe5 Qxe5 27.
Rxe5 Re7 28. Kf2 Reh7 29. Kg3 Kd6 30. b4 a5 31. a3 axb4 32. axb4 Ra8 33. Rf1
Ra3 34. Re3 Ra8 35. Rh1 Rah8 36. Rf3 Bh5 37. Rf2 Bg6 38. Bf1 Bh5 39. Kf4 Ke7
40. Rfh2 Kd6 41. Bg2 Re8 42. Bf3 Reh8 43. Bxh5 Rxh5 44. g6 Rg8 45. Rg1 Ke7 46.
Rg5 Rh6 47. h5 Kf6 48. Ra2 Rgh8 49. Rh2 Rg8 50. Rhg2 Rg7 51. Ra2 Rh8 52. Ra6 c5
53. bxc5 Rb8 54. h6 Rxg6 55. Rxe6+ Kxe6 56. Rxg6+ Kf7 57. Kxf5 Rb2 58. Rg7+ Kf8
59. Rxc7 Kg8 60. Ke6 Rh2 61. Rg7+ Kh8 62. Rg6 Rh5 63. c6 Kh7 64. Rf6 1-0

[Event "Chambly op"]
[Site "Chambly CAN"]
[Date "2022.04.02"]
[Round "3.5"]
[White "Tsukerman, Julia"]
[Black "Tanaka, Tyler"]
[Result "0-1"]
[WhiteElo "1943"]
[BlackElo "2255"]
[PlyCount "84"]
[EventDate "2022.04.01"]
[EventType "swiss"]
[EventRounds "5"]
[EventCountry "CAN"]

1. e4 c6 2. d4 d5 3. exd5 cxd5 4. Bd3 Nc6 5. c3 Nf6 6. h3 g6 7. Nf3 Bg7 8. O-O
Bf5 9. Bf4 Bxd3 10. Qxd3 O-O 11. Nbd2 e6 12. Rfe1 a6 13. Ne5 Nd7 14. Ndf3 Ncxe5
15. Nxe5 Nf6 16. Rad1 b5 17. b4 Qb6 18. Qe3 Rfc8 19. Ra1 a5 20. a3 Qb7 21. f3
Ra6 22. Rec1 Nd7 23. Nxd7 Qxd7 24. bxa5 Rxa5 25. Rcb1 Rca8 26. Rb3 Bf8 27. Qc1
h5 28. Qb2 Qc6 29. Bc1 Bd6 30. Qe2 Qc4 31. Qd1 Re8 32. Rab1 e5 33. dxe5 Rxe5
34. Bh6 Kh7 35. Qc1 Re2 36. Bg5 Ra8 37. Rxb5 Bg3 38. Bd2 Qd3 39. R5b2 Rae8 40.
Qc2 Qc4 41. a4 h4 42. a5 Rxg2+ 0-1

[Event "Chambly op"]
[Site "Chambly CAN"]
[Date "2022.04.02"]
[Round "3.6"]
[White "Chaurette, Laurent"]
[Black "Chabot, Roland"]
[Result "0-1"]
[WhiteElo "1915"]
[BlackElo "2204"]
[PlyCount "74"]
[EventDate "2022.04.01"]
[EventType "swiss"]
[EventRounds "5"]
[EventCountry "CAN"]

1. d4 Nf6 2. c4 g6 3. Nc3 Bg7 4. e4 d6 5. Nf3 O-O 6. h3 e5 7. d5 Nh5 8. g3 Na6
9. Be2 f5 10. exf5 gxf5 11. Nh4 Nf6 12. O-O Nc5 13. b4 Nce4 14. Nxe4 Nxe4 15.
Qc2 a5 16. b5 Nc5 17. Be3 Bd7 18. a4 Qf6 19. Kh2 Kh8 20. Rad1 b6 21. Ng2 f4 22.
Bxc5 bxc5 23. Bd3 Qh6 24. Nh4 Qh5 25. Bxh7 Rf6 26. Bg6 Qg5 27. Be4 Rh6 28. Bf5
Rxh4 29. Bxd7 Rh6 30. Qf5 Qe7 31. Be6 Rf8 32. Qe4 Qg5 33. Kg2 Rh4 34. Bg4 Rxg4
35. hxg4 f3+ 36. Kg1 Rf4 37. Qe3 Qxg4 0-1

[Event "Chambly op"]
[Site "Chambly CAN"]
[Date "2022.04.02"]
[Round "3.7"]
[White "Cote, Etienne"]
[Black "Latorre, Vincent"]
[Result "0-1"]
[WhiteElo "1833"]
[BlackElo "2062"]
[PlyCount "83"]
[EventDate "2022.04.01"]
[EventType "swiss"]
[EventRounds "5"]
[EventCountry "CAN"]

1. e4 g6 2. d4 Bg7 3. f4 d5 4. e5 h5 5. Nf3 Nh6 6. Bd3 Bg4 7. Be3 Nf5 8. Bf2 e6
9. Nbd2 Bf8 10. h3 Bxf3 11. Nxf3 Be7 12. Qd2 c5 13. dxc5 a5 14. O-O-O h4 15.
Nd4 Nxd4 16. Bxd4 Qc7 17. Qf2 Nd7 18. f5 gxf5 19. Bxf5 Bxc5 20. Rhe1 Bxd4 21.
Qxd4 Qc5 22. Qf4 Qb4 23. Qg5 Qe7 24. Qxe7+ Kxe7 25. Bg4 Rag8 26. Rd3 Rg5 27.
Rde3 Rc8 28. Kd2 b5 29. a3 Nc5 30. Bf3 Rd8 31. b4 axb4 32. axb4 Nd7 33. R1e2
Nb6 34. Rc3 Nc4+ 35. Kd3 Nxe5+ 36. Kd4 Nc4 37. Rd3 Kd6 38. Re1 Ra8 39. Rb3 e5+
40. Kc3 f5 41. Be2 Rg3+ 42. Bd3 0-1

[Event "Chambly op"]
[Site "Chambly CAN"]
[Date "2022.04.02"]
[Round "3.8"]
[White "Beaudry, Marc-Andre"]
[Black "Varro, Daniel"]
[Result "1-0"]
[WhiteElo "2020"]
[BlackElo "1772"]
[PlyCount "67"]
[EventDate "2022.04.01"]
[EventType "swiss"]
[EventRounds "5"]
[EventCountry "CAN"]

1. d4 d5 2. c4 c6 3. Nc3 Nf6 4. e3 e6 5. Nf3 Nbd7 6. Qc2 Bd6 7. Bd3 dxc4 8.
Bxc4 b5 9. Be2 Bb7 10. O-O O-O 11. e4 e5 12. dxe5 Nxe5 13. Nd4 Bc5 14. Nf5 Nfg4
15. h3 Nxf2 16. Rxf2 Bxf2+ 17. Kxf2 b4 18. Na4 c5 19. Be3 Rc8 20. Rd1 Qc7 21.
Qxc5 Rfe8 22. Nd6 Qe7 23. Nxc8 Qf6+ 24. Kg1 Rxc8 25. Qd6 Qxd6 26. Rxd6 Bxe4 27.
Bxa7 f6 28. Be3 Rc2 29. Rd2 Rc1+ 30. Kf2 Ra1 31. b3 Rh1 32. Bd4 Rh2 33. Bxe5
Rxg2+ 34. Ke3 1-0

[Event "Chambly op"]
[Site "Chambly CAN"]
[Date "2022.04.02"]
[Round "3.9"]
[White "Kot, Emanuel"]
[Black "Jacquet, Stephane"]
[Result "1-0"]
[WhiteElo "1829"]
[BlackElo "2010"]
[PlyCount "55"]
[EventDate "2022.04.01"]
[EventType "swiss"]
[EventRounds "5"]
[EventCountry "CAN"]

1. e4 d6 2. d4 g6 3. Nc3 Bg7 4. Bc4 Nf6 5. Be3 O-O 6. f3 a6 7. a4 Nc6 8. Nge2
e5 9. O-O Nh5 10. Bb3 Bd7 11. Qd2 exd4 12. Nxd4 Na5 13. Ba2 b5 14. b4 Nc4 15.
Bxc4 bxc4 16. Rab1 f5 17. exf5 gxf5 18. Nd5 Bxa4 19. Ne6 Qd7 20. Nxf8 Rxf8 21.
Rfe1 Bb5 22. Bg5 Rf7 23. Re7 Rxe7 24. Nxe7+ Kh8 25. Qd5 Qe8 26. Re1 Qf8 27.
Nxf5 Be5 28. Rxe5 1-0

[Event "Chambly op"]
[Site "Chambly CAN"]
[Date "2022.04.02"]
[Round "3.10"]
[White "Singher, Jean-Pierre"]
[Black "Bain-Thouverez, Aurelien"]
[Result "1/2-1/2"]
[WhiteElo "2009"]
[BlackElo "1763"]
[PlyCount "78"]
[EventDate "2022.04.01"]
[EventType "swiss"]
[EventRounds "5"]
[EventCountry "CAN"]

1. d4 d5 2. c4 e6 3. Nf3 Nf6 4. Nc3 Be7 5. e3 O-O 6. Bd3 b6 7. Qe2 c5 8. O-O
Nc6 9. Rd1 Nb4 10. dxc5 bxc5 11. Bb1 Ba6 12. b3 Qa5 13. Bb2 dxc4 14. bxc4 Rad8
15. Ne5 Rxd1+ 16. Nxd1 Qc7 17. f4 Bb7 18. Nf2 Rd8 19. g4 Qd6 20. Bc3 Bf8 21. g5
Ne8 22. Bxh7+ Kxh7 23. Qh5+ Kg8 24. Qxf7+ Kh7 25. Qh5+ Kg8 26. g6 Nf6 27. Qh4
Rd7 28. Rd1 Qxd1+ 29. Nxd1 Rxd1+ 30. Be1 Nc2 31. Nf7 Rxe1+ 32. Kf2 Ne4+ 33. Kf3
Rf1+ 34. Ke2 Re1+ 35. Kf3 Ng5+ 36. Kf2 Ne4+ 37. Kf3 Rxe3+ 38. Kg4 Nf6+ 39. Kg5
Ne4+ 1/2-1/2

[Event "Chambly op"]
[Site "Chambly CAN"]
[Date "2022.04.02"]
[Round "3.11"]
[White "Forest, Jimmy"]
[Black "Bassal, Samuel"]
[Result "0-1"]
[WhiteElo "1819"]
[BlackElo "1974"]
[PlyCount "78"]
[EventDate "2022.04.01"]
[EventType "swiss"]
[EventRounds "5"]
[EventCountry "CAN"]

1. d4 e6 2. c4 Nf6 3. Nc3 d5 4. Bg5 Be7 5. e3 O-O 6. Nf3 Nbd7 7. Bd3 b6 8. cxd5
exd5 9. O-O Bb7 10. Rc1 c5 11. Bb1 h6 12. Bf4 Ne4 13. dxc5 Nxc3 14. Rxc3 bxc5
15. Qd3 f5 16. Rd1 Rc8 17. a3 Qb6 18. Ba2 c4 19. Qd2 Nc5 20. Bb1 Bf6 21. Be5
Ne4 22. Bxe4 fxe4 23. Bd4 Qe6 24. Ne1 Rc7 25. Qe2 Rcf7 26. f4 exf3 27. Nxf3 Qe4
28. Nd2 Qg6 29. Bxf6 Rxf6 30. e4 Rf2 31. Qxf2 Rxf2 32. Kxf2 Qb6+ 33. Ke1 Qg1+
34. Nf1 d4 35. Rxc4 Ba6 36. Rdxd4 Bxc4 37. Rxc4 Qxg2 38. Rb4 a5 39. Rb3 Qxe4+
0-1

[Event "Chambly op"]
[Site "Chambly CAN"]
[Date "2022.04.02"]
[Round "3.12"]
[White "Belanger, Mathieu-Olivier"]
[Black "Batorshyn, Ilia"]
[Result "0-1"]
[WhiteElo "1798"]
[BlackElo "1706"]
[PlyCount "132"]
[EventDate "2022.04.01"]
[EventType "swiss"]
[EventRounds "5"]
[EventCountry "CAN"]

1. e4 c6 2. d4 d5 3. e5 Bf5 4. Ne2 e6 5. Ng3 Bg6 6. h4 h6 7. h5 Bh7 8. Bd3 Bxd3
9. Qxd3 c5 10. c3 Nc6 11. Nd2 cxd4 12. cxd4 Qb6 13. Ne2 Rc8 14. O-O Nge7 15. a3
Nf5 16. Nf3 Na5 17. b4 Nc4 18. Bd2 Qd8 19. Nf4 Nh4 20. Nxh4 Qxh4 21. Be3 Be7
22. g3 Qg4 23. Kg2 Nxe3+ 24. fxe3 O-O 25. Rac1 Bh4 26. Ne2 Bg5 27. Rh1 Rc4 28.
Nf4 b5 29. Rxc4 bxc4 30. Qc2 Rb8 31. Kf2 Bd8 32. Qe2 Qxe2+ 33. Nxe2 a5 34. Rb1
Be7 35. b5 Bxa3 36. e4 Bb4 37. exd5 exd5 38. g4 Kf8 39. Kf3 Ke7 40. Ke3 f6 41.
exf6+ gxf6 42. Ng3 Rxb5 43. Nf5+ Ke6 44. Ra1 Bc3 45. Ra2 Rb2 46. Rxb2 Bxb2 47.
Kd2 a4 48. Kc2 a3 49. Nxh6 Bxd4 50. Nf5 Be5 51. Kb1 Kf7 52. h6 Kg6 53. Ne7+
Kxh6 54. Nxd5 Kg5 55. Ka2 Bb2 56. Kb1 c3 57. Ne3 Kf4 58. Nd5+ Ke4 59. Nb4 Kf3
60. Nd5 Ke4 61. Nb4 Kd4 62. Kc2 Kc4 63. Na2 Kb5 64. Kb3 c2 65. Kxc2 Kc4 66. Kb1
Kb3 0-1

[Event "Chambly op"]
[Site "Chambly CAN"]
[Date "2022.04.02"]
[Round "3.13"]
[White "Di Matteo, Alessio"]
[Black "Lemieux, Serge"]
[Result "1-0"]
[WhiteElo "1861"]
[BlackElo "1429"]
[PlyCount "47"]
[EventDate "2022.04.01"]
[EventType "swiss"]
[EventRounds "5"]
[EventCountry "CAN"]

1. d4 e6 2. c4 c6 3. e4 d5 4. e5 dxc4 5. Bxc4 b5 6. Bb3 Ba6 7. Ne2 Ne7 8. Nbc3
Nf5 9. g4 Nh4 10. Nf4 g5 11. Nh5 b4 12. Nf6+ Ke7 13. Ne2 Nf3+ 14. Kf1 Nxd4 15.
Bxg5 Bxe2+ 16. Qxe2 Nxe2 17. Nxh7+ Ke8 18. Nf6+ Qxf6 19. Bxf6 Rg8 20. Kxe2 Rxg4
21. Rhd1 Nd7 22. Ba4 Rc8 23. Rab1 Nxf6 24. exf6 1-0

[Event "Chambly op"]
[Site "Chambly CAN"]
[Date "2022.04.02"]
[Round "3.14"]
[White "Jiang, Barron Jiyu"]
[Black "Petelle, Alexandre"]
[Result "0-1"]
[WhiteElo "1730"]
[BlackElo "1398"]
[PlyCount "68"]
[EventDate "2022.04.01"]
[EventType "swiss"]
[EventRounds "5"]
[EventCountry "CAN"]

1. e4 e6 2. d4 d5 3. e5 c5 4. c3 Nc6 5. Nf3 Bd7 6. a3 f6 7. exf6 Nxf6 8. Bd3
Bd6 9. O-O O-O 10. Re1 Qc7 11. c4 cxd4 12. b4 Rae8 13. Nbd2 Kh8 14. Bb2 Ng4 15.
Nf1 dxc4 16. Bxc4 e5 17. Ng5 Nd8 18. Rc1 Qb6 19. Bd3 Rxf2 20. Re2 Rxe2 21. Qxe2
Be7 22. Nxh7 Qh6 23. h3 Ne3 24. Nxe3 Qxe3+ 25. Qxe3 dxe3 26. Rc7 Be6 27. Bxe5
Nc6 28. Bc3 Rd8 29. Bg6 Rd1+ 30. Kh2 Bd6+ 31. g3 Bxc7 32. h4 e2 33. h5 e1=Q 34.
Bxe1 Rxe1 0-1

[Event "Chambly op"]
[Site "Chambly CAN"]
[Date "2022.04.03"]
[Round "4.1"]
[White "Rodrigue-Lemieux, Shawn"]
[Black "Hebert, Jean"]
[Result "1-0"]
[WhiteElo "2418"]
[BlackElo "2402"]
[PlyCount "129"]
[EventDate "2022.04.01"]
[EventType "swiss"]
[EventRounds "5"]
[EventCountry "CAN"]

1. e4 c5 2. Nf3 Nc6 3. Bb5 d6 4. O-O Bg4 5. c3 a6 6. Be2 Nf6 7. d4 cxd4 8. cxd4
d5 9. e5 Ne4 10. h3 Bf5 11. Nh4 Bd7 12. Kh2 e6 13. g3 Be7 14. Ng2 f6 15. f3 Ng5
16. Nc3 fxe5 17. dxe5 d4 18. Bxg5 dxc3 19. Bxe7 Qxe7 20. f4 cxb2 21. Rb1 O-O
22. Rxb2 b5 23. Rd2 Rad8 24. Bf3 Na5 25. Ne3 Bc6 26. Rff2 Bxf3 27. Qxf3 Qc5 28.
Rxd8 Rxd8 29. f5 Rf8 30. f6 Qxe5 31. Ng4 Qc7 32. f7+ Qxf7 33. Qc3 Qxf2+ 34.
Nxf2 Rxf2+ 35. Kg1 Rxa2 36. Qc8+ Kf7 37. Qxa6 Ra1+ 38. Kf2 Ra2+ 39. Kf3 Ra3+
40. Kf4 Ra4+ 41. Kg5 Nc4 42. Qb7+ Kf8 43. Qc8+ Kf7 44. Qd7+ Kf8 45. Qxe6 Ra3
46. Kh4 Rb3 47. Qf5+ Kg8 48. Qe4 h6 49. Qe8+ Kh7 50. Qe4+ Kg8 51. Qe6+ Kh8 52.
Kg4 Kh7 53. Qe4+ Kg8 54. h4 Ne3+ 55. Kh5 Nc4 56. Qe8+ Kh7 57. Qg6+ Kg8 58. Qe8+
Kh7 59. Qe4+ Kg8 60. g4 Re3 61. Qd5+ Kh7 62. Qf5+ Kg8 63. g5 Re5 64. Qd7 hxg5
65. Kg6 1-0

[Event "Chambly op"]
[Site "Chambly CAN"]
[Date "2022.04.03"]
[Round "4.2"]
[White "Zheng, Richard"]
[Black "Zhang, Chu Hang"]
[Result "1/2-1/2"]
[WhiteElo "2170"]
[BlackElo "2100"]
[PlyCount "112"]
[EventDate "2022.04.01"]
[EventType "swiss"]
[EventRounds "5"]
[EventCountry "CAN"]

1. d4 d5 2. c4 c6 3. Nc3 e6 4. Nf3 Nf6 5. Bg5 Nbd7 6. e3 a6 7. cxd5 cxd5 8. a4
Bd6 9. Be2 Nf8 10. Bd3 Ng6 11. Qc2 b6 12. Bxf6 gxf6 13. Nxd5 Bb7 14. Nc3 f5 15.
Ke2 Qe7 16. Bc4 O-O 17. Rhd1 Qc7 18. Bb3 Qd7 19. d5 e5 20. e4 Nf4+ 21. Kf1 fxe4
22. Nxe4 f6 23. Ne1 Kh8 24. g3 Rac8 25. Qd2 Bb4 26. Qe3 Qh3+ 27. Kg1 Rg8 28.
Qf3 Rg6 29. Ng2 f5 30. Nxf4 exf4 31. Nd2 fxg3 32. hxg3 Rcg8 33. Nf1 Bc5 34. Rd3
R6g7 35. Re1 f4 36. Qxf4 Rf8 37. Qd2 Bxf2+ 38. Qxf2 Rxf2 39. Re8+ Rg8 40. Rxg8+
Kxg8 41. Kxf2 Kf8 42. Ne3 Ke7 43. Bd1 Qh2+ 44. Ng2 Kd6 45. Bf3 b5 46. axb5 axb5
47. Re3 Bc8 48. Rc3 Bd7 49. Ra3 Kc5 50. Ra7 Kd6 51. Ra6+ Kc5 52. Rf6 Qh1 53.
Ne1 Qh2+ 54. Ng2 Qh1 55. Ne1 Qh2+ 56. Ng2 Qh1 1/2-1/2

[Event "Chambly op"]
[Site "Chambly CAN"]
[Date "2022.04.03"]
[Round "4.3"]
[White "Tanaka, Tyler"]
[Black "Chiku-Ratte, Olivier-Kenta"]
[Result "1-0"]
[WhiteElo "2255"]
[BlackElo "2475"]
[PlyCount "65"]
[EventDate "2022.04.01"]
[EventType "swiss"]
[EventRounds "5"]
[EventCountry "CAN"]

1. Nf3 Nf6 2. g3 d5 3. Bg2 e6 4. O-O Be7 5. c4 O-O 6. b3 b6 7. Bb2 Bb7 8. e3
Nbd7 9. Nc3 a6 10. Qe2 Re8 11. d4 Bd6 12. Rfd1 Rc8 13. Rac1 Qe7 14. Nh4 Ba3 15.
Bxa3 Qxa3 16. g4 Ne4 17. Bxe4 dxe4 18. g5 Qe7 19. Qg4 f5 20. gxf6 Nxf6 21. Qh3
Qf7 22. Kh1 Rcd8 23. Rg1 h5 24. Ng6 Ng4 25. Rxg4 e5 26. Qxh5 Qf3+ 27. Kg1 exd4
28. Nd5 Bxd5 29. cxd5 c5 30. Qh8+ Kf7 31. Ne5+ Rxe5 32. Rxg7+ Kf6 33. Qh6+ 1-0

[Event "Chambly op"]
[Site "Chambly CAN"]
[Date "2022.04.03"]
[Round "4.4"]
[White "Chabot, Roland"]
[Black "Turcotte, Jonathan"]
[Result "1-0"]
[WhiteElo "2204"]
[BlackElo "1982"]
[PlyCount "55"]
[EventDate "2022.04.01"]
[EventType "swiss"]
[EventRounds "5"]
[EventCountry "CAN"]

1. d4 d5 2. c4 c6 3. Nc3 Nf6 4. Nf3 e6 5. Bg5 h6 6. Bh4 dxc4 7. e4 g5 8. Bg3 b5
9. Be2 Bb7 10. h4 g4 11. Ne5 Nbd7 12. Nxd7 Qxd7 13. Be5 Be7 14. Bxg4 Rg8 15.
Bf3 h5 16. Bxh5 Nxh5 17. Qxh5 O-O-O 18. O-O-O f6 19. Bg3 b4 20. Na4 c5 21. Nxc5
Qc6 22. Nxb7 Kxb7 23. Qa5 Qxe4 24. Qb5+ Ka8 25. Rhe1 Qxg2 26. d5 e5 27. Rxe5
Bd6 28. Re7 1-0

[Event "Chambly op"]
[Site "Chambly CAN"]
[Date "2022.04.03"]
[Round "4.5"]
[White "Latorre, Vincent"]
[Black "Kot, Emanuel"]
[Result "1-0"]
[WhiteElo "2062"]
[BlackElo "1829"]
[PlyCount "77"]
[EventDate "2022.04.01"]
[EventType "swiss"]
[EventRounds "5"]
[EventCountry "CAN"]

1. e4 c5 2. Nf3 d6 3. Nc3 Nf6 4. e5 dxe5 5. Nxe5 a6 6. a4 e6 7. d3 Be7 8. g3
Nbd7 9. Nc4 Nd5 10. Bd2 N7f6 11. Bg2 O-O 12. O-O b6 13. f4 Rb8 14. g4 Bb7 15.
g5 Ne8 16. Ne4 Nd6 17. Ncxd6 Bxd6 18. Qh5 f6 19. c4 Nc7 20. gxf6 gxf6 21. Rf3
Bxe4 22. dxe4 Qe8 23. Rg3+ Kh8 24. Qh6 Qf7 25. Bc3 Be7 26. Bf3 Rg8 27. Kf2 Rg7
28. Rag1 Rbg8 29. Bh5 Qf8 30. Bg6 Rxg6 31. Rxg6 Rxg6 32. Rxg6 Qxh6 33. Rxh6 Kg7
34. Rh3 b5 35. Rd3 Kf7 36. Rd7 Ne8 37. cxb5 axb5 38. axb5 Nd6 39. b6 1-0

[Event "Chambly op"]
[Site "Chambly CAN"]
[Date "2022.04.03"]
[Round "4.6"]
[White "Adam, Rafael"]
[Black "Batorshyn, Ilia"]
[Result "0-1"]
[WhiteElo "2023"]
[BlackElo "1706"]
[PlyCount "128"]
[EventDate "2022.04.01"]
[EventType "swiss"]
[EventRounds "5"]
[EventCountry "CAN"]

1. d4 Nf6 2. c4 e6 3. g3 c5 4. Bg2 cxd4 5. Qxd4 Nc6 6. Qd1 Bb4+ 7. Bd2 Bxd2+ 8.
Qxd2 O-O 9. Nc3 b6 10. Nf3 Bb7 11. O-O Na5 12. b3 d5 13. cxd5 Nxd5 14. Rfd1 Qe7
15. Rac1 Rfd8 16. Nxd5 Bxd5 17. Qf4 Rac8 18. e4 Rxc1 19. Rxc1 Bc6 20. Ne5 Be8
21. Ng4 Nc6 22. e5 Nd4 23. Re1 Qb4 24. Re4 Bc6 25. Qg5 Rc8 26. Nf6+ Kh8 27. Nh5
Rg8 28. Rxd4 Qxd4 29. Bxc6 h6 30. Qh4 Qxh4 31. gxh4 Rc8 32. Be4 Rc5 33. f4 Rc1+
34. Kg2 Ra1 35. a4 Ra3 36. Ng3 Rxb3 37. Bc6 Rb2+ 38. Kh3 Rf2 39. Kg4 Rxh2 40.
Ne4 a6 41. Nd6 Kg8 42. Bb7 Ra2 43. Bxa6 Rxa4 44. Bb5 Ra3 45. Bc4 h5+ 46. Kxh5
Rg3 47. Ne4 Rg1 48. Ng5 g6+ 49. Kh6 Rg4 50. Ne4 Rxf4 51. Nf6+ Kf8 52. Nd7+ Ke7
53. Nxb6 Rf5 54. Be2 Rxe5 55. Bf3 Re3 56. Bd1 Rg3 57. Nc4 Kf6 58. Be2 Rg2 59.
Bf3 Rf2 60. Bg4 Rf4 61. Ne3 Re4 62. h5 Rxe3 63. hxg6 fxg6 64. Bxe6 Rxe6 0-1

[Event "Chambly op"]
[Site "Chambly CAN"]
[Date "2022.04.03"]
[Round "4.7"]
[White "Bassal, Samuel"]
[Black "Beaudry, Marc-Andre"]
[Result "0-1"]
[WhiteElo "1974"]
[BlackElo "2022"]
[PlyCount "94"]
[EventDate "2022.04.01"]
[EventType "swiss"]
[EventRounds "5"]
[EventCountry "CAN"]

1. d4 Nf6 2. Nf3 d5 3. c4 e6 4. e3 c6 5. Bd3 Nbd7 6. b3 Bd6 7. O-O O-O 8. Ba3
Bxa3 9. Nxa3 Qe7 10. Nc2 e5 11. Bf5 e4 12. Nd2 Nb6 13. Bxc8 Nxc8 14. c5 Qe6 15.
f3 exf3 16. Qxf3 Ne7 17. Rae1 Ne4 18. Qe2 g6 19. Nb4 h5 20. Nd3 Nxd2 21. Qxd2
Nf5 22. Nf4 Qe4 23. Qf2 Nh6 24. Qh4 Rae8 25. Qg5 Kh7 26. Nxh5 gxh5 27. Rf6 Ng8
28. Qxh5+ Kg7 29. Qg5+ Kh8 30. Rf3 Qg6 31. Qf4 Re4 32. Rh3+ Kg7 33. Qc7 Rg4 34.
Re2 Re8 35. Qxb7 Re7 36. Qc8 Re6 37. Rf2 Rg5 38. Rhf3 Rf6 39. Rxf6 Nxf6 40.
Qxc6 Rf5 41. Rxf5 Qxf5 42. h3 Qd3 43. Kf2 Ne4+ 44. Kf3 Qf1+ 45. Kg4 Qxg2+ 46.
Kf4 Qg3+ 47. Kf5 Qg5# 0-1

[Event "Chambly op"]
[Site "Chambly CAN"]
[Date "2022.04.03"]
[Round "4.8"]
[White "Mercure, Gilbert"]
[Black "Singher, Jean-Pierre"]
[Result "1-0"]
[WhiteElo "1879"]
[BlackElo "2009"]
[PlyCount "117"]
[EventDate "2022.04.01"]
[EventType "swiss"]
[EventRounds "5"]
[EventCountry "CAN"]

1. e4 e6 2. d4 d5 3. e5 c5 4. c3 Bd7 5. Nf3 Qb6 6. Bd3 Bb5 7. dxc5 Bxc5 8. O-O
Bxd3 9. Qxd3 Qa6 10. Qd2 Nh6 11. Qg5 Qd3 12. Qxg7 Rg8 13. Qxh6 Qxf3 14. Bg5 Qf5
15. Be3 Qe4 16. g3 Bxe3 17. fxe3 Nc6 18. Nd2 Qxe5 19. Rae1 Qg7 20. Qh4 f5 21.
Nb3 Qe7 22. Qa4 O-O-O 23. Nd4 Ne5 24. Qxa7 Qh4 25. Qa8+ Kc7 26. Qa5+ Kb8 27.
Kg2 Qe4+ 28. Nf3 Nd3 29. Qb6 Nxe1+ 30. Rxe1 Rd7 31. a4 Rg6 32. Qc5 e5 33. Qf8+
Kc7 34. Qc5+ Rc6 35. Qa5+ Kb8 36. Kf2 Ra6 37. Qc5 Rxa4 38. b4 Ra2+ 39. Re2
Rxe2+ 40. Kxe2 Qc4+ 41. Qxc4 dxc4 42. Nxe5 Rg7 43. b5 Kc8 44. Kf3 Rc7 45. Kf4
Kd8 46. e4 Rc5 47. Nf7+ Ke7 48. Ne5 fxe4 49. Kxe4 Ke6 50. Nf3 Kd6 51. Nd4 Re5+
52. Kf3 Kc5 53. g4 Re1 54. h4 Rh1 55. Kg3 Rc1 56. Ne2 Rc2 57. Kf3 Kd5 58. Ke3
Ke5 59. g5 1-0

[Event "Chambly op"]
[Site "Chambly CAN"]
[Date "2022.04.03"]
[Round "4.9"]
[White "Bain-Thouverez, Aurelien"]
[Black "Tsukerman, Julia"]
[Result "0-1"]
[WhiteElo "1763"]
[BlackElo "1943"]
[PlyCount "64"]
[EventDate "2022.04.01"]
[EventType "swiss"]
[EventRounds "5"]
[EventCountry "CAN"]

1. Nf3 d5 2. g3 Nf6 3. Bg2 e6 4. d4 Be7 5. c4 O-O 6. O-O dxc4 7. Qc2 a6 8. a4
Nbd7 9. Na3 c3 10. bxc3 c5 11. Nc4 Nb6 12. Nfe5 Nxc4 13. Nxc4 cxd4 14. cxd4 Nd5
15. Qb3 b5 16. axb5 Rb8 17. b6 e5 18. Nxe5 Nb4 19. Nc4 Be6 20. Bf4 Qxd4 21.
Rfd1 Qxc4 22. Qxc4 Bxc4 23. Bxb8 Rxb8 24. Rac1 Be6 25. Rc7 Kf8 26. Rb7 Rxb7 27.
Bxb7 Bc5 28. Bxa6 Nxa6 29. Rd8+ Ke7 30. Ra8 Bc4 31. Rc8 Bxe2 32. b7 Bd6 0-1

[Event "Chambly op"]
[Site "Chambly CAN"]
[Date "2022.04.03"]
[Round "4.10"]
[White "Jacquet, Stephane"]
[Black "Forest, Jimmy"]
[Result "1-0"]
[WhiteElo "2010"]
[BlackElo "1819"]
[PlyCount "63"]
[EventDate "2022.04.01"]
[EventType "swiss"]
[EventRounds "5"]
[EventCountry "CAN"]

1. d4 Nc6 2. Nf3 d5 3. c4 Bg4 4. Nc3 e6 5. e3 Nf6 6. Qb3 Bxf3 7. gxf3 Bb4 8.
Bd2 O-O 9. cxd5 exd5 10. a3 Bxc3 11. bxc3 Qd6 12. Bd3 Rfe8 13. O-O Re6 14. Kh1
Ne7 15. Qxb7 Re8 16. e4 dxe4 17. fxe4 c6 18. f3 Ng6 19. Qb4 c5 20. Qxc5 Qxc5
21. dxc5 Rd8 22. Bc4 Rxd2 23. Bxe6 fxe6 24. Rad1 Rc2 25. Rc1 Ra2 26. c6 Ne7 27.
c7 Ne8 28. Rfd1 Nxc7 29. Rd7 Nc6 30. Rxc7 Ne5 31. Rf1 g5 32. Rb1 1-0

[Event "Chambly op"]
[Site "Chambly CAN"]
[Date "2022.04.03"]
[Round "4.11"]
[White "Varro, Daniel"]
[Black "Chaurette, Laurent"]
[Result "0-1"]
[WhiteElo "1772"]
[BlackElo "1915"]
[PlyCount "102"]
[EventDate "2022.04.01"]
[EventType "swiss"]
[EventRounds "5"]
[EventCountry "CAN"]

1. c4 Nf6 2. Nc3 c6 3. Nf3 d5 4. e3 e6 5. b3 Nbd7 6. Be2 Bd6 7. O-O O-O 8. d4
dxc4 9. bxc4 e5 10. Qc2 Qe7 11. Bd3 Re8 12. Ng5 h6 13. Nge4 Nxe4 14. Nxe4 Bc7
15. a4 exd4 16. exd4 f5 17. Ba3 Bxh2+ 18. Kxh2 Qh4+ 19. Kg1 fxe4 20. Rfe1 Nf6
21. g3 exd3 22. Rxe8+ Nxe8 23. Qxd3 Qh5 24. Re1 Nf6 25. Re5 Qg4 26. Be7 Be6 27.
d5 cxd5 28. cxd5 Nxd5 29. Rxd5 Bxd5 30. Qxd5+ Kh8 31. Kg2 Qc8 32. Qd4 Qc6+ 33.
Kh2 Re8 34. Ba3 Qf6 35. Qxa7 b6 36. Kg2 Re2 37. Qa8+ Kh7 38. Qf3 Qxf3+ 39. Kxf3
Ra2 40. Bc1 Rxa4 41. Be3 b5 42. Ke2 Rc4 43. Kd3 Kg6 44. Bd2 Kf5 45. f3 h5 46.
Be3 g5 47. Bb6 h4 48. gxh4 gxh4 49. Bf2 h3 50. Bg3 Rc8 51. Bh2 b4 0-1

[Event "Chambly op"]
[Site "Chambly CAN"]
[Date "2022.04.03"]
[Round "4.12"]
[White "Petelle, Alexandre"]
[Black "Di Matteo, Alessio"]
[Result "1-0"]
[WhiteElo "1398"]
[BlackElo "1861"]
[PlyCount "109"]
[EventDate "2022.04.01"]
[EventType "swiss"]
[EventRounds "5"]
[EventCountry "CAN"]

1. d4 Nf6 2. c4 e6 3. Nc3 Bb4 4. f3 d5 5. a3 Bxc3+ 6. bxc3 O-O 7. cxd5 exd5 8.
e3 Re8 9. Bd3 c5 10. Ne2 c4 11. Bc2 Nc6 12. O-O Ne7 13. Ng3 h5 14. Qe1 h4 15.
Nh1 h3 16. g4 Ng6 17. Qg3 Qa5 18. Bd2 Rxe3 19. Bxe3 Qxc3 20. Qf2 Nf8 21. Qd2
Qxd2 22. Bxd2 Ne6 23. Be3 b5 24. Nf2 a5 25. Nxh3 Rb8 26. Nf4 Nc7 27. Rfb1 b4
28. axb4 axb4 29. Ne2 Ne6 30. Ra4 b3 31. Bf5 Bd7 32. Ra7 Nf8 33. Bxd7 N6xd7 34.
Nc3 Nb6 35. Bf4 Re8 36. Kf2 Ne6 37. Be3 Rb8 38. f4 Nd8 39. f5 Nc6 40. Bf4 Nxa7
41. Bxb8 Nc6 42. Bc7 Na8 43. Nxd5 Nxd4 44. Ke3 Nc2+ 45. Kd2 Na3 46. Rb2 Nb5 47.
Be5 f6 48. Nc3 Na3 49. Bd6 Nc2 50. Rxc2 bxc2 51. Na4 c3+ 52. Kxc2 Kf7 53. Kxc3
g6 54. Kc4 gxf5 55. gxf5 1-0

[Event "Chambly op"]
[Site "Chambly CAN"]
[Date "2022.04.03"]
[Round "4.14"]
[White "Lemieux, Serge"]
[Black "Belanger, Mathieu-Olivier"]
[Result "0-1"]
[WhiteElo "1429"]
[BlackElo "1798"]
[PlyCount "74"]
[EventDate "2022.04.01"]
[EventType "swiss"]
[EventRounds "5"]
[EventCountry "CAN"]

1. d4 Nf6 2. Bg5 d5 3. Bxf6 exf6 4. e3 Bd6 5. c4 c6 6. Nd2 O-O 7. Bd3 dxc4 8.
Nxc4 Bb4+ 9. Nd2 Qa5 10. Ngf3 Bg4 11. O-O Bxd2 12. Qxd2 Qd8 13. Be2 c5 14. Rad1
Nd7 15. h3 Bh5 16. g4 Bg6 17. Bd3 cxd4 18. exd4 f5 19. g5 f6 20. h4 Nb6 21. Bc2
Qd7 22. Rfe1 f4 23. Bb3+ Kh8 24. Be6 Qd6 25. d5 fxg5 26. Nxg5 f3 27. Bg4 Rf4
28. Bxf3 Rxh4 29. Re6 Qh2+ 30. Kf1 Rf8 31. Qe2 Bh5 32. d6 h6 33. Qe3 hxg5 34.
Bxh5 Rxh5 35. d7 Nc4 36. Qd4 Qh1+ 37. Ke2 Qf3+ 0-1